000 00542nam a22002057a 4500
001 MUT
003 MUT
005 20240606081346.0
008 180308b xxu||||| |||| 00| 0 eng d
020 _a0201066815
040 _cMUT
050 _aQC 21.2
_b.S36 1987
100 _aSears,FrancisWeston
245 _aUniversity physics
250 _a7th ed.
260 _aOntario
_bAddison Wesley
_c1987
650 _aPhysics
700 _aZemansky,Mark Waldo , Young, Hugh D
942 _2lcc
_cBK
999 _c15990
_d15990